000
00317 a2200145 4500
999
_c
12212
_d
12212
003
OSt
005
20231223150200.0
008
231223b ||||| |||| 00| 0 eng d
020
_a
9788957703076
082
_a
725.5
_b
ARC
100
_a
Archiworld
245
_a
Omni 3: Hospital
260
_b
Archiworld
942
_2
ddc